Statistics for Заставе Океаније

Click here to take the quiz!

General Stats

  • This quiz has been taken 451 times
  • The average score is 11 of 14

Answer Stats

Answer% Correct
Нови Зеланд
98%
Аустралија
98%
Фиџи
81%
Микронезија
78%
Папуа Нова Гвинеја
77%
Науру
74%
Палау
74%
Кирибати
74%
Тонга
73%
Тувалу
71%
Вануату
65%
Самоа
65%
Маршалска Острва
63%
Соломонова Острва
62%

Score Distribution

Percentile by Number Answered

Percent of People with Each Score

Your Score History

You have not taken this quiz